Landscape ecology in theory and practice : (Registro nro. 2443)

Detalles MARC
000 -CABECERA
Campo de control 00909cam a2200253 i 4500
005 - FECHA Y HORA DE LA ULTIMA TRANSACCION
Campo de control 20180803165011.0
008 - ELEMENTOS DE LONGITUD FIJA—INFORMACION GENERAL
Campo de control 020723t 2001-usab r 001 0 eng d
015 ## - NATIONAL BIBLIOGRAPHY NUMBER
National bibliography number NNN
020 ## - ISBN
ISBN 0387951237
040 ## - FUENTE DE CATALOGACIÓN
Agencia catalogadora original DLC
Agencia transcriptora DLC
Agencia Modificadora DLC
-- CO-BoPUJ
-- CO-BoIAVH
041 0# - IDIOMA
Código de idioma para texto/pista de sonido o título separado Inglés
042 ## - AUTHENTICATION CODE
Authentication code pcc
082 04 - NUMERO DE CLASIFICACION DECIMAL DEWEY
Número de clasificación 577.55
Número del ítem T94l
100 1# - ASIENTO PRINCIPAL--NOMBRE PERSONAL
Nombre personal Turner, Monica Goigel
9 (RLIN) 54630
245 10 - MENCION DE TITULO
Título Landscape ecology in theory and practice :
Parte restante del título pattern and process /
Mención de responsabilidad Monica Goigel Turner, Robert H. Gardner and Robert V. O'Neill.
260 ## - PUBLICACION, DISTRIBUCION, ETC. (PIE DE IMPRENTA)
Lugar de publicación, distribución, etc. New York :
Nombre del editor, distribuidor, etc. Springer,
Fecha de publicación, distribución, etc. c2001.
300 ## - DESCRIPCION FISICA
Extensión xii, 401 páginas :
Otros detalles físicos ilustraciones, diagramas y mapas ;
Dimensiones 24 cm. +
Material acompañante 1 CD-ROM
504 ## - NOTA DE BIBLIOGRAFIA, ETC.
Nota de bibliografía Incluye referencias bibliográficas e índice.
650 24 - ASIENTO SECUNDARIO DE MATERIA - TERMINO TEMATICO
Término temático o nombre geográfico como elemento de entrada Ecología
9 (RLIN) 92250
650 24 - ASIENTO SECUNDARIO DE MATERIA - TERMINO TEMATICO
Término temático o nombre geográfico como elemento de entrada Ecología del paisaje
9 (RLIN) 92227
700 1# - ASIENTO SECUNDARIO - NOMBRE PERSONAL
Nombre personal Gardner, Robert H.,
Término de relación autor.
9 (RLIN) 6630
700 1# - ASIENTO SECUNDARIO - NOMBRE PERSONAL
Nombre personal O'Neill, Robert V.,
Fechas asociadas con el nombre 1940-,
Término de relación autor.
9 (RLIN) 54633
942 ## - ELEMENTOS ADICIONALES (KOHA)
Sistema de clasificación Dewey Decimal Classification
Tipo de ítem Libro
Existencias
Withdrawn status Lost status Sistema de Clasificación Damaged status No para préstamo Colección Inventariado Ubicación Permanente Ubicación actual Fecha de adquisición Fuente de Valor Valor Total Checkouts Número topográfico Inventario / Código de Barras Date last seen Ejemplar Price effective from Forma de adquisición Tipo de material Public note
    Dewey Decimal Classification     General Inventariado 2017 Bogotá Bogotá 13/06/2002 Instituto 39000.00   LB-577.55 T94l 005039 04/12/2012 Ej. 1 04/12/2012 Compra Libro Incluye 1 CD-ROM (CID-005040)
    Dewey Decimal Classification     General Inventariado 2017 Sala Fabio Quevedo Sala Fabio Quevedo 21/08/2001 Instituto 39000.00   LB-577.55 T94l 003014 04/12/2012 Ej. 2 04/12/2012   Libro Incluye 1 CD-ROM (CID-003015)